Music Quiz

Random Music or Bands Quiz
Score 0/56 Timer 12:00
2 Plays Today
A B % Correct
Michael JacksonThriller
72.9%
EaglesHotel California
72.2%
NirvanaSmells Like Teen Spirit
67.6%
EaglesHotel California
66.5%
Bruce SpringsteenBorn in the U.S.A.
65.3%
MadonnaLike a Virgin
62.5%
MadonnaLike a Virgin
59.5%
Fleetwood MacRumours
57.4%
Michael JacksonBillie Jean
56.8%
U2The Joshua Tree
54.7%
NirvanaNevermind
53.5%
Guns N' RosesSweet Child O' Mine
52.9%
Bon JoviLivin' on a Prayer
52.7%
R.E.M.Losing My Religion
51.7%
Meat LoafBat Out of Hell
50.4%
Alanis MorissetteIronic
49.9%
Alanis MorissetteJagged Little Pill
49.6%
Dire StraitsMoney for Nothing
49.2%
The BeatlesHey Jude
47.1%
Guns N' RosesAppetite for Destruction
45.9%
QueenWe Will Rock You/We Are the Champions
44.7%
The BeatlesSgt. Pepper's Lonely Hearts Club Band
44.3%
Red Hot Chili PeppersUnder the Bridge
41.9%
EminemLose Yourself
39.8%
U2With or Without You
39.5%
Elton JohnGoodbye Yellow Brick Road
39.1%
The Jimi Hendrix ExperienceAll Along the Watchtower
38.7%
Bob DylanLike a Rolling Stone
38.2%
A B % Correct
Bon JoviSlippery When Wet
37%
Led ZeppelinLed Zeppelin II
36.6%
Bruce SpringsteenDancing in the Dark
35%
Red Hot Chili PeppersCalifornication
32.8%
The Rolling StonesSticky Fingers
30.8%
The WhoTommy
30.7%
Dire StraitsBrothers in Arms
30.1%
Neil YoungHeart of Gold
29.8%
Fleetwood MacDreams
28.8%
Neil YoungHarvest
28.3%
Led ZeppelinWhole Lotta Love
26.7%
Stevie WonderSongs in the Key of Life
26.2%
David BowieFame
24.1%
Meat LoafTwo Out of Three Ain't Bad
21.6%
The Jimi Hendrix ExperienceElectric Ladyland
21.3%
R.E.M.Out of Time
17.8%
Stevie WonderSir Duke
16.9%
EminemThe Eminem Show
16.2%
Taylor SwiftYou Belong with Me
15.7%
The Rolling StonesMiss You
14.6%
QueenNews of the World
13.8%
BeyoncéIrreplaceable
13.8%
Taylor SwiftFearless
13.6%
BeyoncéDangerously in Love
11.8%
The WhoI Can See For Miles
10.5%
Elton JohnDon't Go Breaking My Heart
8.3%
David BowieStation to Station
6.7%
Bob DylanJohn Wesley Harding
4.9%
Remove Ads.
Support Sporcle.
Get the best of Sporcle when you Go Orange. This ad-free experience offers more features, more stats, and more fun while also helping to support Sporcle. Thank you for becoming a member.

You're not logged in!

Compare scores with friends on all Sporcle quizzes.
OR
Log In

Show Comments

Extras

Top Quizzes Today


Score Distribution

Your Account Isn't Verified!

In order to create a playlist on Sporcle, you need to verify the email address you used during registration. Go to your Sporcle Settings to finish the process.

Report this User

Report this user for behavior that violates our Community Guidelines.

Details: